Football in 2025 - Statistics

General Stats
  • This quiz has been taken 29 times
  • The average score is 20 of 25
Answer Stats
Hint Answer % Correct
UEFA Champions League winner Paris Saint-Germain FC
100%
Premier League winner Liverpool FC
96%
Ballon d'or winner Ousmane Dembélé
96%
Serie A winner SSC Napoli
96%
UEFA Champions League final score 5-0
93%
FIFA Club World Cup winner Chelsea FC
93%
La Liga winner FC Barcelona
93%
Manager of the team above Arne Slot
85%
Country which former Real Madrid manager became the manager of Brazil
85%
Harry Kane's first trophy Bundesliga
85%
Became Real Madrid Manager Xabi Alonso
85%
UEFA Women's Champions League winner Arsenal WFC
81%
Ballon d'or winner who left Real Madrid Luka Modrić
81%
Premier league top goal scorer 24/25 season Mohamed Salah
81%
Most expensive transfer of 2025 (name the player) Alexander Isak
78%
Player who scored 2 free kicks in a 3-0 win against Real Madrid Declan Rice
78%
Left Manchester City after 10 years Kevin De Bruyne
78%
Top goal scorer of 2025 (who plays in the top 5 leagues) Kylian Mbappé
78%
Winner of the Kopa trophy Lamine Yamal
78%
UEFA Europa League winner Tottenham Hotspur FC
78%
Winner of the Yashin Trophy Gianluigi Donnarumma
74%
English team which won their first trophy since 1955 Newcastle United FC
63%
UEFA European Women's Championship winner England
56%
Winner of the Ballon d'or Feminin Aitana Bonmati
52%
Winner of the Gerd Miller Trophy Victor Gyökeres
41%
No matching quizzes found
Score Distribution
Percent of People with Each Score
Percentile by Number Answered
Your Score History
You have not taken this quiz